1880 1745 1373 1254 1596 1489 1857 1057 1694 1952 1528 1899 1565 1077 1088 1073 1520 1695 1454 1875 1310 1424 1932 1856 1986 1488 1416 1213 1349 1178 1219 1407 1069 1633 1051 1572 1871 1529 1477 1427 1192 1975 1302 1589 1479 1090 1018 1438 1599 1611 1578 1011 1179 1250 1926 1117 1593 1725 1280 1547 1080 1458 1133 1186 1968 1382 1981 1994 1934 1815 1921 1977 1024 1408 1014 1064 1591 1194 1419 1457 1177 1932 1232 1316 1168 1025 1063 1601 1704 1393 1964 1814 1982 1279 1387 1788 1575 1723 1645 BCNSPRNW ULIB Ver.6.0+V

เปลี่ยนเป็นภาษาไทย

Change to English
 แสดงรายละเอียดบรรณานุกรม
  กลับหน้าหลัก

Brief Record : Get Marc (ISO 2709) : E-mail record : QR code < ปิดหน้าต่าง
LEADER : 00000nam 2200000uu 4500
001    13399122080
003     ULIB
008    020711s2544 th a 000 0 tha d
020    9746520075
060    WJ300^bศ683ก
100    ศุภชัย ฐิติอาชากุล
245    การล้างไตทางช่องท้อง ^b= Peritcal Dialysis Practical and Update /^cศุภชัย ฐิติอาชากุล
260    กรุงเทพฯ :^bมหาวิทยาลัยธรรมศาสตร์,^c2544
650    การล้างไต
945    ^p0^l0^i10924
945    ^p0^l0^i10925
945    ^p0^l0^i10926
999    ^aทศพร เกษรทอง
รายการนี้ยังไม่มีแท็ก
คุณยังไม่ได้ล็อกอิน คุณสามารถมีกิจกรรมร่วมกับเว็บไซต์ได้ แต่ต้องล็อกอินก่อน ::
  ล็อกอิน

รายการสื่อสารสนเทศ

ลำดับที่ ประเภท เลขเรียก/บาร์โค้ด สถานที่ สถานะ
1. วิทยาศาสตร์การแพทย์ และสุขภาพ
วิทยาศาสตร์การแพทย์ และสุขภาพ
WJ300 ศ683ก ฉ.1 
  Barcode: 10924
ห้องสมุดวิทยาเขตสวรรค์ประชารักษ์
►หนังสือทั่วไป
บนชั้น
2. วิทยาศาสตร์การแพทย์ และสุขภาพ
วิทยาศาสตร์การแพทย์ และสุขภาพ
WJ300 ศ683ก ฉ.2 
  Barcode: 10925
ห้องสมุดวิทยาเขตสวรรค์ประชารักษ์
►หนังสือทั่วไป
บนชั้น
3. วิทยาศาสตร์การแพทย์ และสุขภาพ
วิทยาศาสตร์การแพทย์ และสุขภาพ
WJ300 ศ683ก ฉ.3 
  Barcode: 10926
ห้องสมุดวิทยาเขตสวรรค์ประชารักษ์
►หนังสือทั่วไป
บนชั้น

รายการใกล้เคียง
    หัวเรื่อง [การล้างไต]

BibComment


ยังไม่เคยถูกคอมเมนท์

คอมเมนท์ทรัพยากรรายการนี้
  คอมเมนท์: การล้างไตทางช่องท..


 Copyright 2026. Bcnsprnw @Library